00607nam a22001817a 450000500170000001000150001702000260003203500140005803700130007208200110008510000160009624501360011226000490024827000780029730000190037570000160039470000150041020240103112607.0 aENG-135785 a9789352836376c425.00 aEN-119317 bDBAD/PUB a657.42 aShukla, M C aCost and Management Accounting I:bAs per B.Com. CBCS Curriculum, University of Calcutta/cBy M C Shukla, T.S. Grewal and M P Gupta aNew DelhibS Chand And Company Limitedc2019 a7361, Ram Nagar, Qutab RoadbNew Delhie110055minfo@schandpublishing.com avp.c24cm(pbk) aGrewal, T S aGupta, M P